Statistics for Bordering Island Countries

Click here to take the quiz!

General Stats

  • This quiz has been taken 99 times
  • The average score is 6 of 7

Answer Stats

Answer% Correct
Haiti
97%
Dominican Republic
93%
Indonesia
89%
East Timor
86%
Papua New Guinea
86%
Ireland
85%
United Kingdom
78%

Score Distribution

Percentile by Number Answered

Percent of People with Each Score

Your Score History

You have not taken this quiz